00379pab a2200121 454500008004000000100001900040245012000059260000900179300001500188362001000203650002800213773001600241180718b2013 xxu||||| |||| 00| 0 eng d aSanders, Laura aGrassroots responsiveness to human rights abuse: History of the washtenaw interfaith coalition for immigrant rights c2013 ap.117-125. aApril aHuman rights violations aSocial Work